TB. OF FOOD & BEVERAGE SERVICE (Record no. 6997)

MARC details
000 -LEADER
fixed length control field 00311nam a2200133Ia 4500
008 - FIXED-LENGTH DATA ELEMENTS--GENERAL INFORMATION
fixed length control field 150301s2013 xx 000 0 und d
082 ## - DEWEY DECIMAL CLASSIFICATION NUMBER
Classification number 641.2
Item number BAG
100 ## - MAIN ENTRY--PERSONAL NAME
Personal name BAGCHI, S.N.
245 ## - TITLE STATEMENT
Title TB. OF FOOD & BEVERAGE SERVICE
250 ## - EDITION STATEMENT
Edition statement 3RD
260 ## - PUBLICATION, DISTRIBUTION, ETC. (IMPRINT)
Name of publisher, distributor, etc. AMAN PUB. DELHI
Date of publication, distribution, etc. 2013
300 ## - PHYSICAL DESCRIPTION
Extent 530
942 ## - ADDED ENTRY ELEMENTS (KOHA)
Source of classification or shelving scheme Dewey Decimal Classification
Koha item type Books
Holdings
Withdrawn status Lost status Source of classification or shelving scheme Damaged status Not for loan Collection code Home library Current library Date acquired Source of acquisition Cost, normal purchase price SGTU Bill Number Total Checkouts Full call number Barcode Date last seen Date last checked out Bill Date Koha item type
    Dewey Decimal Classification     HOTEL MANAGEMENT SGT Science & Social Sciences Library SGT Science & Social Sciences Library 02/07/2015 R.K BOOKS 475.00 SGTU IN514 4 641.2 BAG HM51 15/05/2018 11/05/2018 17/06/2015 Books
    Dewey Decimal Classification     HOTEL MANAGEMENT SGT Science & Social Sciences Library SGT Science & Social Sciences Library 02/07/2015 R.K BOOKS 475.00 SGTU IN514 5 641.2 BAG HM52 29/11/2018 16/11/2018 17/06/2015 Books